| 000 | 00861nam a22002297a 4500 | ||
|---|---|---|---|
| 999 |
_c13252 _d13252 |
||
| 003 | AR-CdUCM | ||
| 008 | 190411b ||||| |||| 00| 0 spa d | ||
| 020 | _a978-607-618-207-9 | ||
| 040 |
_aMUNICIPALIDAD PROVINCIAL DEL CUSCO _cBIBLIOTECA MUNICIPAL DEL CUSCO |
||
| 082 |
_aES / 372.808 / _bC95 |
||
| 110 |
_aMiles Kelly Publishing Ltd. _931341 |
||
| 245 | _a50 Cuentos Mágicos / | ||
| 260 |
_aMéxico : _bSilver Dolphin ; _c2014. |
||
| 300 |
_a512 páginas ; _bIlustraciones _c22cm |
||
| 505 | _aContenido: Criaturas curiosas -- Deseos y sueños -- Lugares mágicos -- Encantamientos y transformaciones -- Moralejas misteriosas | ||
| 650 |
_aCuentos _9217 |
||
| 650 |
_aEducación primaria _91561 |
||
| 700 |
_aParker, Vic (compilador) _926203 |
||
| 700 |
_aCaballero, Samantha (traducción) _924667 |
||
| 942 |
_2ddc _cLIBROS |
||
| 945 |
_anom _d2019-04-11 |
||